000 00288nam a22001097a 4500
008 160518b xxu||||| |||| 00| 0 eng d
020 _a0781754682
041 _aeng
080 _a61
245 _aNMS National medical seres for independent study medicine:
_cAllen R. Myers;
942 _2udc
_cBK
999 _c2195
_d2195